Vista normal
Vista MARC
Planificación y Trabajo Social (Registro nro. 940)
[ vista simple ]
| 000 -Cabecera (24) | |
|---|---|
| Campo de control interno | 01624nam a22002537a 4500 |
| 005 - Fecha y hora de la | |
| Campo de control | 20190814115606.0 |
| 008 - Códigos de longitud fija (40p) | |
| Campo de control de longitud fija | 170508b pe||||| |||| 00| 0 spa d |
| 040 ## - Origen de la Catalogacion | |
| Centro catalogador/agencia de origen | UTEA |
| 041 ## - Código de idioma (R) | |
| Código de lengua del texto/banda sonora o título independiente (R) | Es |
| 044 ## - COUNTRY OF PUBLISHING/PRODUCING ENTITY CODE | |
| MARC country code | PE |
| 082 ## - Número de la Clasificación | |
| Número de la Clasificación | 370.15 |
| Notación Interna | V28 |
| 100 ## - Autor Personal | |
| Autor Personal | Vergara Cobian, Zoila |
| Término indicativo de función (R) | Autor |
| 245 ## - Titulo | |
| Titulo | Planificación y Trabajo Social |
| Mención del autor | Zoila Vergara Cobián |
| 250 ## - Mencion de edicion | |
| Mencion de edicion | a edición |
| 260 ## - Editorial | |
| Ciudad | Lima - Perú |
| Nombre de la Editorial | San Marcos S.A. |
| Fecha | 1996 |
| 300 ## - Descripcion | |
| Páginas | 169 páginas. |
| Dimensiones | 14 x 20 cm. |
| 505 ## - Nota de contenido formateada | |
| Nota de contenido formateada Índice del Libro] | Propedeutica para la planificación en trabajo social --- Relación entre planificación y programación -- Bases doctrinas de la planificación en el Perú -- Caracterización de la planificación en el Perú actual -- Planificación social y trabajo social -- Características de la planificación social -- La técnica de la planificación aplicada al trabajo social -- Objetivos de la planificación en trabajo social -- Etapas de planificación en trabajo social -- tipos de planes -- ejecución -- El plan de trabajo social -- Programa y acción -- Tipo de programa y acción -- Partes del programa y acción -- El proyecto en trabajo social |
| 520 ## - Resumen | |
| Resumen | Este libro trata de planificación y trabajo social relación entre planificación y programación que les caracterizan fundamentales de al planificación referirse a ella la denominación indistintamente como programación cual en grupo de dos términos tuvieran igual significado. |
| 650 #0 - Temas - Descriptores | |
| Temas - Descriptores | PLANIFICACIÓN |
| 650 #0 - Temas - Descriptores | |
| Temas - Descriptores | TRABAJO |
| 650 #0 - Temas - Descriptores | |
| Temas - Descriptores | SOCIAL |
| 9 (RLIN) | 5744 |
| 653 ## - Palabras Claves | |
| Palabras Claves | EDUCACIÓN |
| -- | PLANIFICACIÓN |
| -- | TRABAJO |
| -- | SOCIAL |
| 942 ## - Datos personalizados Koha | |
| Esquema de Clasificacion | Dewey Decimal Classification |
| Tipo de Documento | Libros |
| Catalogador | |
| Estado de retiro | Estado de pérdida | Fuente de Clasificacion | Estado | No para préstamo | Escuela Profesional/ Mención de Maestría | Localización permanente | Ubicación/localización actual | Ubicación en estantería | Fuente de adquisición | Número de inventario | Precio dolares | Signatura topográfica completa | Código de barras | Precio válido a partir de | Tipo de ítem Koha | Número de Ejemplar |
|---|---|---|---|---|---|---|---|---|---|---|---|---|---|---|---|---|
| Dewey Decimal Classification | E.P. Educación | Biblioteca Abancay UTEA | Biblioteca Abancay UTEA | Área de Letras y Humanidades (primer Piso) | Compra | 35140757 | 05/08/2017 | 370.15 V28 1996 | BABA17050079 | 05/08/2017 | Libros | |||||
| Dewey Decimal Classification | E.P. Educación | Biblioteca Abancay UTEA | Biblioteca Abancay UTEA | Área de Letras y Humanidades (primer Piso) | Compra | 35140757 | 05/08/2017 | 370.15 V28 1996 | BABA17050080 | 05/08/2017 | Libros | ej.2 |